Chansons d'Hoshi - Statistiques

Statistiques générales
  • Ce quiz a été pris 154 fois
  • Le résultat moyen est 20 sur 52
Statistiques - réponses
Album Titre % Correct
Il suffit d'y croire 3 Ta Marinière
91%
Sommeil levant 3 Amour censure
83%
Cœur Parapluie 1 Mauvais Rêve
65%
Il suffit d'y croire 6 Manège à trois
61%
Cœur Parapluie 6 Marcel
59%
Étoile flippante 2 Et même après je t'aimerai
58%
Il suffit d'y croire 8 Il suffit d'y croire
55%
Étoile flippante 1 Étoile flippante
54%
Cœur Parapluie 3 Puis t'as dansé avec moi
51%
Cœur Parapluie 2 Je partirai
50%
Sommeil levant 1 Sommeil levant
49%
Sommeil levant 12 Fais-moi signe
48%
Il suffit d'y croire 5 Femme à la mer
48%
Il suffit d'y croire 4 Je vous trouve un charme fou
48%
Cœur Parapluie 9 Ne saute pas
47%
Il suffit d'y croire 1 Comment je vais faire
46%
Étoile flippante 6 J'te pardonne
45%
Il suffit d'y croire 2 Te parler pour rien
45%
Sommeil levant 2 Marche ou rêve
42%
Sommeil levant 5 SQY
40%
Cœur Parapluie 4 Superstar
39%
Cœur Parapluie 10 Ivresse Jeunesse
37%
Sommeil levant 14 Médicament
36%
Étoile flippante 8 Allez là
35%
Sommeil levant 4 Bouche de métro
35%
Cœur Parapluie 5 Si j'crois plus en l'amour
35%
Il suffit d'y croire 7 Elle rêve encore
34%
Cœur Parapluie 13 J'ai appris
34%
Il suffit d'y croire 9 Ma merveille
34%
Cœur Parapluie 7 Neige sur le sable
34%
Cœur Parapluie 8 Effrayante
33%
Sommeil levant 7 Larmes de croco
33%
Sommeil levant 6 Migracoeur
33%
Il suffit d'y croire 11 Poupée Russe
33%
Cœur Parapluie 11 Tu me manques même quand t'es là
33%
Sommeil levant 8 Ita Vita
32%
Il suffit d'y croire 12 Je pense à toi
32%
Étoile flippante 3 Pleurs de fumoir
32%
Cœur Parapluie 12 Réveille-toi
32%
Sommeil levant 9 Coule mascara
29%
Étoile flippante 9 Enfant clown
29%
Sommeil levant 10 Enfants du danger
29%
Étoile flippante 11 Mieux avant
29%
Sommeil levant 13 La plus belle partie de moi
26%
Sommeil levant 11 Bluff
25%
Il suffit d'y croire 10 Après coups
24%
Étoile flippante 5 Il était une toi
23%
Étoile flippante 7 J'attends mon heure
23%
Étoile flippante 4 Nos jeux amoureux
22%
Étoile flippante 12 Frissons
17%
Étoile flippante 10 Pas de cadeaux
17%
Étoile flippante 13 Danser dans cette cadence
16%
Aucun quiz correspondant
Distribution des résultats
% des personnes avec chaque résultat
Percentile par nombre de réponses
Votre historique - résultats
Vous n’avez pas pris ce quiz